Το ανοικτό - κλειστό πρόβλημα στα προηγούμενα και νέα εγχειρίδια μαθηματικών του δημοτικού σχολείου : μεταπτυχιακή εργασία
Αποθηκεύτηκε σε:
| Κύριος συγγραφέας: | |
|---|---|
| Συγγραφή απο Οργανισμό/Αρχή: | |
| Άλλοι συγγραφείς: | , , |
| Μορφή: | Thesis Βιβλίο |
| Γλώσσα: | Greek |
| Δημοσίευση: |
Ρόδος :
Πανεπιστήμιο Αιγαίου, Παιδαγωγικό Τμήμα Δημοτικής Εκπαίδευσης,
2006.
|
| Θέματα: | |
| Διαθέσιμο Online: | http://hdl.handle.net/11610/21168 |
| Ετικέτες: |
Προσθήκη ετικέτας
Δεν υπάρχουν, Καταχωρήστε ετικέτα πρώτοι!
|
MARC
| LEADER | 00000cam a2200000 i 4500 | ||
|---|---|---|---|
| 001 | 1/41912 | ||
| 008 | 070305s2006 gre d | ||
| 035 | |l 10087208 | ||
| 040 | |a GR-MY-UA |b gre |e aacr | ||
| 041 | 0 | |a gre | |
| 082 | 7 | |a 510.76 |2 (22) | |
| 100 | 1 | |a Στουππή, Τσαμπίκα. | |
| 245 | 1 | 3 | |a Το ανοικτό - κλειστό πρόβλημα στα προηγούμενα και νέα εγχειρίδια μαθηματικών του δημοτικού σχολείου : |b μεταπτυχιακή εργασία / |c Στουππή Τσαμπίκας ; Χιονίδου - Μοσκόφογλου Μαρία. |
| 260 | |a Ρόδος : |b Πανεπιστήμιο Αιγαίου, Παιδαγωγικό Τμήμα Δημοτικής Εκπαίδευσης, |c 2006. | ||
| 300 | |a 116 σ. ; |c 30 εκ. | ||
| 502 | |a Διατριβή (μεταπτυχιακή) – Πανεπιστήμιο Αιγαίου, Ρόδος, 2006. | ||
| 504 | |a Βιβλιογραφία: σ.104- 112. | ||
| 610 | 2 | 0 | |a University of the Aegean |x Dissertations. |
| 650 | 0 | 0 | |a Mathematics |x Study and teaching (Primary) |
| 650 | 0 | 0 | |a Mathematics |x Problems, exercises, etc. |
| 650 | 0 | 0 | |a Dissertations, Academic |z Greece. |
| 700 | 1 | |a Χιονίδου - Μοσκοφόγλου, Μαρία. |4 ths | |
| 700 | 1 | |a Αυγερινός, Ευγένιος. |4 ths | |
| 700 | 1 | |4 ths |a Βανδουλάκης, Ιωάννης Μ. | |
| 710 | 2 | |a Πανεπιστήμιο Αιγαίου |b Σχολή Ανθρωπιστικών Σπουδών |b Τμήμα Δημοτικής Εκπαίδευσης. | |
| 852 | |a INST |b RHODES |c DIATR |e 20070305 |h 510.76 ΣΤΟ |p 005400023866 |q 005400023866 |t MTXE |y 23 | ||
| 852 | |a INST |b RHODES |c DIATR |e 20070305 |h 510.76 ΣΤΟ |p 005400023867 |q 005400023867 |t MTXE |y 23 | ||
| 856 | |u http://hdl.handle.net/11610/21168 | ||
| 901 | |a BIBL4-2007-1 | ||
| 909 | |a Ρ |b 127235 | ||
| 924 | |a ΣΤΟΥΠΠΗ |b ΤΣΑΜΠΙΚΑ |y Ρόδος |z 2006-11 | ||
| 970 | |a ΜΙΣΣΟΣ |b ΣΤΑΥΡΟΣ |z 2007/03/05 | ||